<?xml version="1.0" encoding="UTF-8"?>
<record
    xmlns:xsi="http://www.w3.org/2001/XMLSchema-instance"
    xsi:schemaLocation="http://www.loc.gov/MARC21/slim http://www.loc.gov/standards/marcxml/schema/MARC21slim.xsd"
    xmlns="http://www.loc.gov/MARC21/slim">

  <leader>01021cam a2200289 a 4500</leader>
  <controlfield tag="001">2084084</controlfield>
  <controlfield tag="003">OSt</controlfield>
  <controlfield tag="005">20230915101808.0</controlfield>
  <controlfield tag="008">940519s1993    ii            000 1 malo </controlfield>
  <datafield tag="010" ind1=" " ind2=" ">
    <subfield code="a">   94901339 </subfield>
  </datafield>
  <datafield tag="020" ind1=" " ind2=" ">
    <subfield code="a">817130267X :</subfield>
    <subfield code="c">Rs22.00</subfield>
  </datafield>
  <datafield tag="025" ind1=" " ind2=" ">
    <subfield code="a">I-Mal-6543</subfield>
  </datafield>
  <datafield tag="040" ind1=" " ind2=" ">
    <subfield code="a">DLC</subfield>
    <subfield code="c">DLC</subfield>
  </datafield>
  <datafield tag="042" ind1=" " ind2=" ">
    <subfield code="a">lcode</subfield>
  </datafield>
  <datafield tag="050" ind1="0" ind2="0">
    <subfield code="a">PL4718.9.M2454</subfield>
    <subfield code="b">H54 1993</subfield>
  </datafield>
  <datafield tag="082" ind1=" " ind2=" ">
    <subfield code="a">894.812301</subfield>
    <subfield code="b">MAD/H</subfield>
  </datafield>
  <datafield tag="100" ind1="1" ind2=" ">
    <subfield code="a">M&#x101;dhavan, En. Es.,</subfield>
    <subfield code="d">1948-</subfield>
    <subfield code="9">9467</subfield>
  </datafield>
  <datafield tag="245" ind1="1" ind2="0">
    <subfield code="a">Higvit&#x332;t&#x332;a /</subfield>
    <subfield code="c">En. Es. M&#x101;dhavan.</subfield>
  </datafield>
  <datafield tag="260" ind1=" " ind2=" ">
    <subfield code="a">K&#x14D;&#x1E6D;&#x1E6D;aya&#x1E43; :</subfield>
    <subfield code="b">&#x1E0C;i. Si. Buks :</subfield>
    <subfield code="b">Distributors, Current Books,</subfield>
    <subfield code="c">1993.</subfield>
  </datafield>
  <datafield tag="300" ind1=" " ind2=" ">
    <subfield code="a">95 p. ;</subfield>
    <subfield code="c">23 cm.</subfield>
  </datafield>
  <datafield tag="500" ind1=" " ind2=" ">
    <subfield code="a">Short stories.</subfield>
  </datafield>
  <datafield tag="500" ind1=" " ind2=" ">
    <subfield code="a">In Malayalam.</subfield>
  </datafield>
  <datafield tag="505" ind1="0" ind2=" ">
    <subfield code="a">Higvit&#x332;t&#x332;a -- Vanmara&#x1E45;&#x227;&#x1E37; v&#x12B;l&#x332;ump&#x14D;&#x1E37; -- K&#x101;rmen -- Ent&#x332;e maka&#x1E37; oru str&#x332;&#x12B; -- N&#x101;l&#x101;&#x1E43; l&#x14D;ka&#x1E43; -- K&#x101;&#x1E47;i -- Vil&#x101;pa&#x1E45;&#x1E45;a&#x1E37;.</subfield>
  </datafield>
  <datafield tag="906" ind1=" " ind2=" ">
    <subfield code="a">7</subfield>
    <subfield code="b">cbc</subfield>
    <subfield code="c">origode</subfield>
    <subfield code="d">3</subfield>
    <subfield code="e">ncip</subfield>
    <subfield code="f">19</subfield>
    <subfield code="g">y-gencatlg</subfield>
  </datafield>
  <datafield tag="942" ind1=" " ind2=" ">
    <subfield code="2">ddc</subfield>
    <subfield code="c">BK</subfield>
    <subfield code="h">894.812301</subfield>
    <subfield code="i">MAD/H</subfield>
    <subfield code="k">894.812301</subfield>
    <subfield code="m">MAD/H</subfield>
  </datafield>
  <datafield tag="952" ind1=" " ind2=" ">
    <subfield code="0">0</subfield>
    <subfield code="1">0</subfield>
    <subfield code="2">ddc</subfield>
    <subfield code="4">0</subfield>
    <subfield code="7">0</subfield>
    <subfield code="8">SPORTS AND GAMES</subfield>
    <subfield code="a">MES</subfield>
    <subfield code="b">MES</subfield>
    <subfield code="c">PHYS</subfield>
    <subfield code="d">2023-09-15</subfield>
    <subfield code="l">2</subfield>
    <subfield code="m">2</subfield>
    <subfield code="o">894.812301 MAD/H</subfield>
    <subfield code="p">42447</subfield>
    <subfield code="r">2024-08-14 11:32:28</subfield>
    <subfield code="s">2024-07-24</subfield>
    <subfield code="v">150.00</subfield>
    <subfield code="w">2023-09-15</subfield>
    <subfield code="y">BK</subfield>
    <subfield code="z">U22R2</subfield>
  </datafield>
  <datafield tag="999" ind1=" " ind2=" ">
    <subfield code="c">42502</subfield>
    <subfield code="d">42502</subfield>
  </datafield>
</record>
